Films de guerre par image - Statistiques

Statistiques générales
  • Ce quiz a été pris 131 fois
  • Le résultat moyen est 8 sur 16
Statistiques - réponses
Par images Réponse % Correct
Dunkerque
79%
La liste de Schindler
78%
1917
77%
Fury
73%
Full Metal Jacket
71%
Il faut sauver le soldat Ryan
67%
Apocalypse Now
59%
Inglourious Basterds
54%
Tu ne tueras point
51%
Platoon
39%
Jojo Rabbit
38%
A l'ouest rien de nouveau
32%
La chute du faucon noir
28%
La ligne rouge
26%
Voyage au bout de l'enfer
25%
Jarhead
14%
Aucun quiz correspondant
Distribution des résultats
% des personnes avec chaque résultat
Percentile par nombre de réponses
Votre historique - résultats
Vous n’avez pas pris ce quiz